Silence : (Record no. 120491)
[ view plain ]
| 000 -LEADER | |
|---|---|
| fixed length control field | 00950cam a2200289Ma 4500 |
| 001 - CONTROL NUMBER | |
| control field | 10279402 |
| 003 - CONTROL NUMBER IDENTIFIER | |
| control field | ARRUPE |
| 005 - DATE AND TIME OF LATEST TRANSACTION | |
| control field | 20150212020005.0 |
| 008 - FIXED-LENGTH DATA ELEMENTS--GENERAL INFORMATION | |
| fixed length control field | 121206s2013 enk b 001 0 eng d |
| 020 ## - INTERNATIONAL STANDARD BOOK NUMBER | |
| International Standard Book Number | 9781846144264 (hardback) |
| 020 ## - INTERNATIONAL STANDARD BOOK NUMBER | |
| International Standard Book Number | 1846144264 (hardback) |
| 024 ## - OTHER STANDARD IDENTIFIER | |
| Standard number or code | 99953782275 |
| 035 ## - SYSTEM CONTROL NUMBER | |
| System control number | (OCoLC)ocn833302316 |
| 035 ## - SYSTEM CONTROL NUMBER | |
| System control number | (NNC)10279402 |
| 040 ## - CATALOGING SOURCE | |
| Original cataloging agency | NLE |
| Language of cataloging | eng |
| Transcribing agency | NLE |
| Modifying agency | OCLCO |
| -- | YDXCP |
| -- | CDX |
| -- | BUF |
| -- | NhCcYBP |
| 050 #4 - LIBRARY OF CONGRESS CALL NUMBER | |
| Classification number | BV4599.5.S55 |
| Item number | M33 2013 |
| 082 04 - DEWEY DECIMAL CLASSIFICATION NUMBER | |
| Classification number | 248.4/7 |
| Edition number | 23 |
| 300 ## - PHYSICAL DESCRIPTION | |
| Dimensions | 24 cm. |
| 100 1# - MAIN ENTRY--PERSONAL NAME | |
| Personal name | MacCulloch, Diarmaid. |
| 9 (RLIN) | 10198 |
| 245 10 - TITLE STATEMENT | |
| Title | Silence : |
| Remainder of title | a Christian history / |
| Statement of responsibility, etc | Diarmaid MacCulloch. |
| 260 ## - PUBLICATION, DISTRIBUTION, ETC. (IMPRINT) | |
| Place of publication, distribution, etc | London ; |
| -- | New York : |
| Name of publisher, distributor, etc | Allen Lane, |
| Date of publication, distribution, etc | 2013. |
| 300 ## - PHYSICAL DESCRIPTION | |
| Extent | xii, 337 p. ; |
| 504 ## - BIBLIOGRAPHY, ETC. NOTE | |
| Bibliography, etc | Includes bibliographical references (p. 248-304) and index. |
| 650 #0 - SUBJECT ADDED ENTRY--TOPICAL TERM | |
| Topical term or geographic name as entry element | Silence |
| General subdivision | Religious aspects |
| -- | Christianity |
| -- | History of doctrines. |
| 9 (RLIN) | 10199 |
| 942 ## - ADDED ENTRY ELEMENTS (KOHA) | |
| Source of classification or shelving scheme | Library of Congress Classification |
| Koha item type | Monograph ( Printed materials) |
| Koha issues (borrowed), all copies | 1 |
| 948 1# - LOCAL PROCESSING INFORMATION (OCLC); SERIES PART DESIGNATOR (RLIN) | |
| Series part designator, SPT (RLIN) | 20130619 |
| b (OCLC) | c |
| c (OCLC) | rad1 |
| d (OCLC) | MPS |
| Withdrawn status | Lost status | Source of classification or shelving scheme | Damaged status | Not for loan | Collection code | Home library | Current library | Shelving location | Date acquired | Total Checkouts | Full call number | Barcode | Date last seen | Date checked out | Price effective from | Koha item type |
|---|---|---|---|---|---|---|---|---|---|---|---|---|---|---|---|---|
| Library of Congress Classification | Main Collection | ARRUPE LIBRARY | ARRUPE LIBRARY | Main Collection | 15/05/2014 | 1 | BV4509.5.M2533 2014 | 46500000784 | 24/01/2017 | 11/02/2015 | 15/05/2014 | Monograph ( Printed materials) |